Μετρήσεις αλατότητας στον κόλπο της Γέρας σε περιοχές υποθαλάσσιων αναβλύσεων γλυκού νερού : μεταπτυχιακή διατριβή
Αποθηκεύτηκε σε:
| Κύριος συγγραφέας: | |
|---|---|
| Συγγραφή απο Οργανισμό/Αρχή: | |
| Μορφή: | Thesis Βιβλίο |
| Γλώσσα: | Greek |
| Δημοσίευση: |
2007.
|
| Θέματα: | |
| Διαθέσιμο Online: | http://hdl.handle.net/11610/11581 |
| Ετικέτες: |
Προσθήκη ετικέτας
Δεν υπάρχουν, Καταχωρήστε ετικέτα πρώτοι!
|
MARC
| LEADER | 00000cam a2200000 i 4500 | ||
|---|---|---|---|
| 001 | 1/106101 | ||
| 008 | 090615s2007 gr | ||| |||| ||gre|| | ||
| 035 | |l 10105078 | ||
| 040 | |a GR-MyUa |b gre |e AACR2 | ||
| 041 | 0 | |a gre | |
| 082 | 7 | |a 551.49 |2 (22) | |
| 100 | 1 | |a Παπαδοπούλου, Λητώ. | |
| 245 | 1 | 0 | |a Μετρήσεις αλατότητας στον κόλπο της Γέρας σε περιοχές υποθαλάσσιων αναβλύσεων γλυκού νερού : |b μεταπτυχιακή διατριβή / |c Λυτώ Παπαδοπούλου ; επιβλέπουσα: Χρυσή Καραπαναγιώτη. |
| 260 | |c 2007. | ||
| 300 | |a 68 σ. : |b διαγρ., έγχρ.εικ., πίν. ; |c 30 εκ. | ||
| 502 | |a Διατριβή (μεταπτυχιακή) – Πανεπιστήμιο Αιγαίου, Λέσβος, 2007. | ||
| 504 | |a Βιβλιογραφία: σ. 66-68. | ||
| 650 | 0 | |a Chemical oceanography |z Greece |z Yera. | |
| 650 | 0 | |a Submarine geology. | |
| 650 | 0 | |a Groundwater flow |x Measurement. | |
| 650 | 0 | |a Seawater |z Greece |z Yera. | |
| 650 | 0 | |a Dissertations, Academic |z Greece. | |
| 700 | 1 | |a Καραπαναγιώτου, Χρυσή Κασσιανή, |e dgs | |
| 710 | 2 | |a Πανεπιστήμιο Αιγαίου |b Σχολή Περιβάλλοντος |b Τμήμα Επιστημών της Θάλασσας |b Πρόγραμμα Μεταπτυχιακών Σπουδών Διαχείριση Παράκτιων Περιοχών. | |
| 852 | |a INST |b LESVOS |c DIATR |e 20090615 |h 95 |p 005100045564 |q 005100045564 |t MTXE |y 23 | ||
| 852 | |a INST |b LESVOS |c DIATR |e 20090615 |h 96 |p 005100045565 |q 005100045565 |t MTXE |y 23 | ||
| 856 | |u http://hdl.handle.net/11610/11581 | ||
| 901 | |a BIBL1-2009-2 | ||
| 924 | |a Παπαδοπούλου |b Λυτώ |y Λέσβος |z 2007-11 | ||
| 970 | |a ΤΖΑΦΕΡΗ |b ΕΥΑΓΓΕΛΙΑ |z 2009/06/15 | ||